00848nam a2200205Ia 4500003000200000005001700002008004100019050002800060100002600088245008800114260009000202300003900292504004100331650004000372650003100412650003800443942001400481999001900495952012800514020250130142854.0150126s9999 xx 000 0 und d aPHS LB 1601b.P181 2014 aPalo, Mikayla Rose D. aStudy habits and time management of grade 11 SISC students /cMikayla Rose D. Palo. aLas Piñas City, Philippines :bSouthville International School and Colleges,c2014. a24 pages :billustration ;c28 cm. aIncludes bibliographical references. aAcademic achievementvStudy habits. aTime managementvStudents. aLearning strategiesvAdolescents. 2lcccPASS c278700d278700 00102lcc40aLUXbLUXcPASSd2042-02-06eDONATIONl0oPHS LB 1601 .P181 2014pP3356r2015-02-26 00:00:00w2015-01-26yPASS